Statistiques concernant Départements français par images n°1

Cliquez ici pour prendre le quiz!

Statistiques générales

  • Ce quiz a été pris 75 fois
  • Le résultat moyen est 14 sur 20

Statistiques - réponses

Réponse% Correct
Alpes-Maritimes
94%
Charente
94%
Charente-Maritime
91%
Ardèche
87%
Aude
83%
Ardennes
77%
Corse-du-Sud
75%
Aveyron
71%
Cantal
71%
Aube
68%
Allier
64%
Ain
62%
Aisne
59%
Alpes-de-Haute-Provence
59%
Calvados
55%
Hautes-Alpes
55%
Ariège
54%
Corrèze
52%
Bouches-du-Rhône
43%
Cher
43%

Distribution des résultats

Percentile par nombre de réponses

% des personnes avec chaque résultat

Votre développement - résultats

Vous n’avez pas pris ce quiz